LIBRARY & INFORMATION CENTRE, KCAET, TAVANUR

ONLINE PUBLIC ACCESS CATALOGUE (OPAC)

Invertebrates, Vol 5 / (Record no. 1854)

MARC details
000 -LEADER
fixed length control field 00449cam a2200181ua 4500
041 ## - LANGUAGE CODE
Language code of text/sound track or separate title eng
082 ## - DEWEY DECIMAL CLASSIFICATION NUMBER
Classification number 592
Item number HYM/IN
100 ## - MAIN ENTRY--AUTHOR NAME
Personal name Hyman, Libbie henrietta .
245 ## - TITLE STATEMENT
Title Invertebrates, Vol 5 /
250 ## - EDITION STATEMENT
Edition statement 1 /
260 ## - PUBLICATION, DISTRIBUTION, ETC. (IMPRINT)
Place of publication :
Name of publisher Mc Graw Hill Book Company ,
Year of publication 1959.
300 ## - PHYSICAL DESCRIPTION
Number of Pages 783 ; .
942 ## - ADDED ENTRY ELEMENTS (KOHA)
Koha item type Books
Holdings
Withdrawn status Lost status Damaged status Home library Current library Date acquired Full call number Accession Number Koha item type
      KAUAET KAUAET 07/04/2012 592 5558 Books
free website counter